00931nam a2200265 a 450000100060000000300080000600500170001400800410003103500190007204000350009104100080012608200250013410000240015924501330018325000240031626000340034030000270037449000310040160000290043260000350046160000450049660000570054174000360059885600310063454799BD-RjUL20211209080154.0161110s2005 enk 000 0 eng d a(BD-RjUL)54921 aBD-RjULbengcBD-RjULdBD-RjUL aeng 223a882.01bBES 20051 aBerkowitz, Lucille 10aSophocles Oedipus tyrannus : ba new translation, passages from ancient authors ... some studies, criticism /cLucille Berkowitz a1st south Asian ed. aLondon : bW.W. Norton,c2005 aviii, 261 p. ;c18 cm. a Norton critical edition.00aSophocles.tOedipus Rex.00aSophoclesxCriticism, Textual.00aSophoclesxCriticism and interpretation.00aOedipusc(Greek mythological figure)xIn literature.0 aClassical quarterly. [Offprint] 3 Norton critical edition.